Visualizzazione normale
Vista MARC
- Verde
di Personal Name
Records bibliografici associati: 1
001 - CONTROL NUMBER
- control field: 3564
003 - CONTROL NUMBER IDENTIFIER
- control field: IT-RoPau
005 - DATE AND TIME OF LATEST TRANSACTION
- control field: 20131125164712.0
008 - FIXED-LENGTH DATA ELEMENTS
- fixed length control field: 131125|| aca||aabn | a|a d
040 ## - CATALOGING SOURCE
- Original cataloging agency: IT-RoPau
- Transcribing agency: IT-RoPau
100 ## - HEADING--PERSONAL NAME
- Personal name: Verde
- Dates associated with a name: Codice autore musica SPICS: 14028
- Relator term: Autore musica
- Name of part/section of a work: Piove
670 ## - SOURCE DATA FOUND
- Source citation: Work cat.: (IT-RoPau)99916: AA.VV. 794, Corsa al Festival (La)